| 000 | 00708nam a22002177a 4500 | ||
|---|---|---|---|
| 999 |
_c8582 _d8582 |
||
| 003 | AR-CdUCM | ||
| 008 | 190325b ||||| |||| 00| 0 spa d | ||
| 040 |
_aMUNICIPALIDAD PROVINCIAL DEL CUSCO _cBIBLIOTECA MUNICIPAL DEL CUSCO |
||
| 082 |
_a150 / _bM43 |
||
| 100 |
_aMerani, Alberto L. _920517 |
||
| 245 |
_aLa dialéctica en psicología : _binteligencia y vida / |
||
| 260 |
_aMéxico : _bGrijalbo, _c1968. |
||
| 300 |
_a159 páginas ; _c18 cm. |
||
| 440 |
_aColección 70. _n21 _924032 |
||
| 505 | _aContenido: La dialéctica en psicología -- Inteligencia y vida. | ||
| 650 |
_aPsicología _91538 |
||
| 650 |
_aDialéctica _95490 |
||
| 650 |
_aInteligencia _91764 |
||
| 942 |
_2ddc _cLIBROS |
||
| 945 | _aachl | ||